00547 2200205 4500001002100000005001700021008004100038035002600079245002800105100002800133250000600161260004900167300003300216020001800249082000800267084000800275650002800283990001500311990001500326INLIS00000000000007620191229184747.0191229| ||| | ind  a 0010-12190000000007600cAgung Wibisono Pratikto0 aAgung Wibisono Pratikto a1 aYogyakarta : ThinkbYogyakarta : Thinkc2009 a302hlm.;20cm ;c302hlm.;20cm a979-963-641-80 a400 a445 0aTata Bahasa Prancis 445 aB201218309 aB201218311